| 000 | 00582nam a2200193Ia 4500 | ||
|---|---|---|---|
| 005 | 20251006225557.0 | ||
| 008 | 251006t2000||||xx |||||||||||||| ||und|| | ||
| 040 | _aCBC | ||
| 100 | _aTokatlian, Juan Gabriel | ||
| 245 | _aLa polémica sobre la legalización de drogas en Colombia, el presidente Samper y los Estados Unidos | ||
| 300 | _ap. 37-83 | ||
| 600 | _aERNESTO SAMPER PIZARRO | ||
| 650 | _aDROGAS | ||
| 650 | _aLEGISLACION | ||
| 650 | _aLUCHA CONTRA LA DROGA | ||
| 651 | _aCOLOMBIA | ||
| 773 | _aLatin American research review Vol. 35 No. 1 (2000) | ||
| 942 | _tMJCh | ||
| 999 |
_c13469 _d13469 |
||